00508nam a2200181 a 4500001001300000003000900013005001700022008004100039020002200080082002000102100002000122245005900142260004400201300001000245500003500255650001600290700002000306nice12345678IN_TiNIC20260116014538.0140219s2004 newa grp 000 0 eng  a8172315791 c7500a305.480297bMUH aMuhammadullah,  aWoman in Islamic Shariab Laws of Marriage and Divorce aNew Delhi bIslamic Book Service c2004 a172p  aincludes index and biblioraphy aWomen-Islam1 aMuhammadullah,